Normal view MARC view
  • Hume, Allan Octavian,

Entry Personal Name

Number of records used in: 4

001 - CONTROL NUMBER

  • control field: 3813

003 - CONTROL NUMBER IDENTIFIER

  • control field: NUST

005 - DATE AND TIME OF LATEST TRANSACTION

  • control field: 20170807115947.0

008 - FIXED-LENGTH DATA ELEMENTS

  • fixed length control field: 170807|| aca||aabn | a|a d

040 ## - CATALOGING SOURCE

  • Original cataloging agency: NUST
  • Transcribing agency: NUST

100 ## - HEADING--PERSONAL NAME

  • Personal name: Hume, Allan Octavian,
  • Dates associated with a name: 1829-1912.

670 ## - SOURCE DATA FOUND

  • Source citation: Work cat.: (NUST)0: Henderson, George, M.D. 3809, Lahore to Yarkand :, 2004.
© 2023 Central Library, National University of Sciences and Technology. All Rights Reserved.